| 000 | 00559nam a22002057a 4500 | ||
|---|---|---|---|
| 999 |
_c35589 _d35589 |
||
| 003 | OSt | ||
| 005 | 20220623155200.0 | ||
| 008 | 220623b ||||| |||| 00| 0 spa d | ||
| 040 | _cBiblioteca Ernesto Sábato | ||
| 092 |
_a146.3 _bP388 _eJLS |
||
| 100 | _aPelletier, Antoine | ||
| 245 | _aMaterialismo histórico e historia de las civilizaciones | ||
| 260 |
_aParís _bGrijalbo _c1973 |
||
| 300 | _a205 p. | ||
| 440 |
_aTeoría y praxis _n ; 12 |
||
| 650 | _aMATERIALISMO HISTORICO | ||
| 650 | _aJLS | ||
| 700 | _aJean-Jacques Goblot | ||
| 942 |
_2ddc _cJLS |
||